01658 2200217 4500001002100000005001500021035002000036007000300056008004100059020002200100082001400122084002000136100001400156245003500170250001100205260002600216300003000242500112300272600002001395990002501415INLIS00000000000121320230328101050 a0010-0323000107ta230328 c j ind  a978-602-481-130-3 a741.59598 a741.59598 NAE s0 aNaela Ali1 aSILLY GILLY DAILY /cNaela Ali aCet. 1 aJakarta :bPOP,c2019 a128 hlm ;c12,5 x 18,5 cm aSeperti judulnya, Silly Gilly Daily bercerita tentang keseharian seorang gadis bernama Gilly yang memiliki sifat introvert. Aku senang karena lagi-lagi Naela Ali memilih tema yang dekat dengannya, sehingga apa yang ia sampaikan terasa sangat jujur dan relate dengan kehidupan pembaca. Sebagai seorang introvert aku merasa memiliki banyak kesamaan dengan tokoh Gilly. Selalu merasa cemas saat akan bertemu dengan klien, merasa lelah saat berada di keramaian, memilih jalan memutar demi agar tidak bertemu dengan orang lain dan masih banyak lagi sifat khas yang dimiliki orang-orang introvert. Buku ini tetap menarik terutama ilustrasinya. Termasuk ilustrasi untuk cover yang cute banget, bikin orang yang nglihatnya (aku maksudnya) langsung pengen beli. Jika sebelumnya Naela Ali selalu hadir dengan ilustrasi realis, kali ini ia menampilkan tokoh Gilly dengan gaya kartun yang lucu. Meski kartun, ciri khas Naela masih kental terasa dari goresan dan warna-warna soft yang dipilihnya. O ya, melihat kemiripan yang ada, dari postur, penampilan dan sifat sepertinya Gilly adalah representasi dari sang penulis sendiri. 4aFiksi Indonesia a02085/PSMUH/Hib/2023